Statistiken für Bundesliga-Trainer der 90er

Klicken Sie hier um das Quiz zu spielen!

Allgemein

  • Dieses Quiz wurde 680 mal gespielt
    (488 seit der letzten Aktualisierung)
  • Das Durchschnittsergebnis liegt bei 102 aus 159

Antwortstatistiken

VereinTrainer% Korrekt
Borussia Dortmund | FC Bayern MünchenOttmar Hitzfeld
96%
1. FC Kaiserslautern | FC Bayern München | SV Werder BremenOtto Rehhagel
95%
SV Werder BremenThomas Schaaf
94%
1. FC Köln | Bayer 04 Leverkusen | VfB StuttgartChristoph Daum
91%
Bayer/KFC Uerdingen | MSV DuisburgFriedhelm Funkel
89%
FC Bayern MünchenGiovanni Trapattoni
89%
FC Bayern München | SG Eintracht FrankfurtJupp Heynckes
89%
Hamburger SV | SG Eintracht Frankfurt | SV Werder BremenFelix Magath
85%
FC Bayern MünchenFranz Beckenbauer
85%
FC Schalke 04Hubert Neu
85%
SC FreiburgVolker Finke
83%
1. FC Köln | FC Saarbrücken | Hertha BSC BerlinPeter Neururer
82%
Bayer 04 Leverkusen | FC Bayern MünchenErich Ribbeck
81%
FC Hansa Rostock | Hamburger SVFrank Pagelsdorf
81%
FC Schalke 04Huub Stevens
81%
1. FC KölnUdo Latteck
81%
FC Schalke 04Udo Lattek
81%
TSV 1860 MünchenWerner Lorant
81%
Karlsruher SC | VfB StuttgartWinfried Schäfer
81%
Hertha BSC Berlin | VfB StuttgartJürgen Röber
79%
Dynamo DresdenKlaus Sammer
79%
SG Eintracht Frankfurt | VfL BochumKlaus Toppmöller
79%
VfB StuttgartJoachim Löw
77%
1. FC Köln | FC Schalke 04 | Karlsruher SC | SG Eintracht FrankfurtJörg Berger
75%
VfL WolfsburgWolfgang Wolf
75%
Bayer 04 Leverkusen | SG Eintracht FrankfurtDragoslav Stepanovic
74%
Borussia MönchengladbachBernd Krauss
72%
Borussia MönchengladbachNorbert Meier
72%
FC Hansa Rostock | MSV DuisburgEwald Lienen
71%
SV Werder BremenHans-Jürgen Dörner
71%
SV Werder BremenAad de Mos
70%
FC Bayern MünchenSören Lerby
70%
FC Schalke 04 | Fortuna DüsseldorfAleksandar Ristic
69%
Borussia DortmundNevio Scala
69%
1. FC Kaiserslautern | 1. FC Nürnberg | Borussia MönchengladbachFriedel Rausch
68%
FC Bayern MünchenKlaus Augenthaler
67%
Borussia DortmundMichael Skibbe
67%
Arminia BielefeldErnst Middendorp
66%
Borussia Dortmund | Fortuna DüsseldorfHorst Köppel
66%
1. FC KaiserslauternKarl-Heinz Feldkamp
65%
1. FC KölnLorenz-Günther Köstner
65%
SSV Ulm 1846Martin Andermatt
65%
VfB StuttgartRalf Rangnick
65%
SpVgg UnterhachingLorenz-Günter Köstner
64%
1. FC Nürnberg | Hamburger SV | VfL WolfsburgWilli Reimann
64%
Hamburger SVBenno Möhlmann
63%
Borussia Mönchengladbach | MSV Duisburg | SG Wattenscheid 09Hannes Bongartz
62%
1. FC Nürnberg | Arminia BielefeldHermann Gerland
62%
Fortuna Düsseldorf | VfL BochumRolf Schafstall
62%
1. FC Nürnberg | VfB StuttgartWilli Entenmann
60%
Bayer 04 Leverkusen | Borussia Mönchengladbach | VfL BochumJürgen Gelsdorf
59%
SV Werder BremenWolfgang Sidka
59%
FC Hansa RostockAndreas Zachhuber
58%
Borussia MönchengladbachRainer Bonhof
58%
1. FC Nürnberg | VfB StuttgartArie Haan
57%
1. FC KaiserslauternEckhard Krautzun
56%
Bayer 04 Leverkusen | VfL BochumReinhard Saftig
56%
SG Eintracht FrankfurtKarl-Heinz Körbel
55%
Hertha BSC BerlinKarsten Heine
54%
1. FC KölnMorten Olsen
54%
1. FC Kaiserslautern | 1. FC Nürnberg | Stuttgarter KickersRainer Zobel
54%
Dynamo DresdenRalf Minge
54%
VfB StuttgartWolfgang Rolff
54%
VfB Leipzig | VfB StuttgartJürgen Sundermann
53%
Hertha BSC BerlinPal Csernai
53%
Bayer 04 LeverkusenPeter Hermann
53%
1. FC Köln | FC Hansa RostockErich Rutemöller
52%
SG Eintracht FrankfurtHorst Ehrmantraut
52%
Dynamo DresdenHorst Hrubesch
52%
1. FC NürnbergDieter Lieberwirth
51%
VfB StuttgartRolf Fringer
51%
FC St. PauliUli Maslo
51%
FC Hansa Rostock | MSV DuisburgUwe Reinders
51%
Dynamo Dresden | FC Schalke 04 | FC St. PauliHelmut Schulte
50%
Dynamo DresdenSigfried Held
49%
Hamburger SVEgon Coordes
48%
Borussia MönchengladbachGerd vom Bruch
48%
Fortuna DüsseldorfJosef Hickersberger
48%
VfB StuttgartRainer Adrion
48%
VfB LeipzigBernd Stange
47%
MSV DuisburgWillibert Kremer
47%
VfB LeipzigDamian Halata
46%
VfL BochumHolger Osieck
46%
SG Eintracht FrankfurtHorst Heese
46%
SG Eintracht FrankfurtReinhold Fanz
46%
1. FC KölnStephan Engels
46%
SV Waldhof MannheimGünter Sebert
45%
Bayer Uerdingen | FC St. PauliHorst Wohlers
45%
FC Schalke 04Klaus Fischer
45%
1. FC KölnHannes Linßen
44%
Hertha BSC BerlinWerner Fuchs
44%
KFC UerdingenArmin Reutershahn
43%
1. FC KölnWolfgang Jerat
43%
1. FC KaiserslauternGerd Roggensack
42%
1. FC NürnbergThomas Brunner
42%
VfL WolfsburgUwe Erkenbrecher
42%
Hamburger SVGerd-Volker Schock
41%
FC St. PauliKlaus-Peter Nemet
41%
SG Eintracht FrankfurtBergard Lippert
40%
1. FC NürnbergDieter Renner
40%
SG Wattenscheid 09Frank Hartmann
40%
Fortuna DüsseldorfHans-Jürgen Gede
40%
Fortuna DüsseldorfRudolf Wojtowicz
40%
Bayer UerdingenTimo Konietzka
40%
Hamburger SVRalf Schehr
39%
FC 08 HomburgSepp Stabel
39%
FC 08 HomburgManfred Lenz
38%

Verteilung der Resultate

Perzentil nach korrekt beantworteten Fragen

Anzahl Personen mit jedem Resultat

Ihre Resultats-Entwicklung

Sie haben dieses Quiz seit der letzten Aktualisierung nicht gespielt